| 000 | 005040000a22001930004500 | ||
|---|---|---|---|
| 001 | 000430 | ||
| 003 | MACL | ||
| 005 | 20150919150439.0 | ||
| 008 | 150919b xxu||||| |||| 00| 0 eng d | ||
| 040 |
_aMACL _cMACL |
||
| 041 | _aEnglish | ||
| 082 | _a824.542/KAN | ||
| 100 |
_aKanwar, Pamela _912055 |
||
| 245 |
_aHimachal Pradesh _bEssays On Urban Patterns _cPamela Kanwar |
||
| 260 |
_aDelhi _c1999 _bIndian Institute Of Advanced Study, |
||
| 350 | _a150 | ||
| 650 |
_aEssays _912056 |
||
| 942 |
_k825 _cBK _2ddc |
||
| 999 |
_c432 _d432 |
||